000 00300nam a22001337a 4500
008 170527b xxu||||| |||| 00| 0 eng d
020 _a9780072471465
041 _aeng
080 _a621
100 _a27
101 _aIM
245 _aPRODUCT DESIGN AND DEVELOPMENT
_cULRICH, K.T
942 _2udc
_cBK
999 _c14635
_d14635